000
00278 a2200109 4500
001
13212
082
_a
623.043 ADA
090
_c
10211
_d
10211
100
_a
Adamy,D.L
245
_a
Second Course in Electronic Warfare
_b
EW 102 A
260
_a
London
_b
Artech House, London
_c
2004
942
_a
NUST-CAE
_k
623.043 ADA
999
_c
248285
_d
248285